Представление документа в формате MARC21

Поле Инд. ПП Название Значение
Тип записи a
Библиографический уровень m
001 Контрольный номер RU/IS/BASE/230380653
005 Дата корректировки 20221125152049.1
040 b Код языка каталог. rus
041 0_ a Код языка текста rus
080 a Индекс УДК 658.512.2
084 a Индекс другой классификации/Индекс ББК 30.18
090 a Полочн. индекс 658
x Авторский знак Б26
097 b Оператор 11
100 1_ a Автор Барташевич А. А.
245 10 a Заглавие Основы художественного конструирования
260 a Место издания Мн.
b Издательство Вышэйшая школа
c Дата издания 1978
300 a Объем 216 с.
510 0_ a Примечание о ссылках Книги и методические пособия
650 04 a Основная рубрика 81.95 Техническая эстетика. Эргономика
x Основная подрубрика 81.95.01 Общие вопросы технической эстетики, художественного конструирования, дизайна
653 0_ a Ключевые слова художественное конструирование
700 12 a Другие авторы Мельников А. Г.
901 t Тип документа m